000 00321nam a2200133Ia 4500
008 151001s9999||||xx |||||||||||||| ||und||
100 _aयु म पठाण
245 _aपाऊलखुणा
250 _a1
260 _bदिलीपराज
260 _c1993
300 _a151
365 _b21
999 _c973093
_d973090